Economics (Record no. 221885)
[ view plain ]
| 000 -LEADER | |
|---|---|
| fixed length control field | 01341nam a22002177a 4500 |
| 005 - DATE AND TIME OF LATEST TRANSACTION | |
| control field | 20220315113751.0 |
| 008 - FIXED-LENGTH DATA ELEMENTS--GENERAL INFORMATION | |
| fixed length control field | 220315b ||||| |||| 00| 0 eng d |
| 020 ## - INTERNATIONAL STANDARD BOOK NUMBER | |
| International Standard Book Number | 9781292079202 |
| 040 ## - CATALOGING SOURCE | |
| Transcribing agency | AL |
| 041 ## - LANGUAGE CODE | |
| Language code of text/sound track or separate title | eng |
| 082 ## - DEWEY DECIMAL CLASSIFICATION NUMBER | |
| Edition number | 23 |
| Classification number | 330 |
| Item number | ACEE |
| 100 ## - MAIN ENTRY--PERSONAL NAME | |
| Personal name | Daron Acemoglu |
| 9 (RLIN) | 23711 |
| 245 ## - TITLE STATEMENT | |
| Title | Economics |
| 260 ## - PUBLICATION, DISTRIBUTION, ETC. | |
| Place of publication, distribution, etc. | New York |
| Name of publisher, distributor, etc. | Pearson |
| Date of publication, distribution, etc. | 2016 |
| 300 ## - PHYSICAL DESCRIPTION | |
| Extent | 788p. |
| Other physical details | PB |
| Dimensions | 27x21cm. |
| 365 ## - TRADE PRICE | |
| Source of price type code | General |
| Price type code | ABDI/0566/22 |
| Price amount | ₹14685.28 |
| Currency code | ₹ |
| Unit of pricing | ₹6247.04 |
| Price note | 25% |
| Price effective from | 7-03-2022 |
| 520 ## - SUMMARY, ETC. | |
| Summary, etc. | Taking a fresh approach, the authors use the themes of optimization, equilibrium and empiricism to illustrate the power of simple economic ideas, and their ability to explain, predict, and improve what happens in the world. Each chapter begins with an empirical question that is later answered using data in the Evidence-Based Economics feature. As a result of the text's practical emphasis, students will learn to apply economic principles to guide the decisions they make in their own lives. MyEconLab is an online homework, tutorial, and assessment product designed to personalize learning and improve results. With a wide range of interactive, engaging, and assignable activities, students are encouraged to actively learn and retain tough course concepts.<br/> |
| 650 ## - SUBJECT ADDED ENTRY--TOPICAL TERM | |
| Source of heading or term | Economics |
| 700 ## - ADDED ENTRY--PERSONAL NAME | |
| Personal name | Laibson David; List John A |
| 9 (RLIN) | 23712 |
| 942 ## - ADDED ENTRY ELEMENTS (KOHA) | |
| Source of classification or shelving scheme | Dewey Decimal Classification |
| Koha item type | Book |
No items available.